Význam stratifikácie tepla a chladu vo vykurovacom systéme
Na minha lista:
| Autor principal: | |
|---|---|
| Outros Autores: | |
| Formato: | Manuscrito Livro |
| Idioma: | eslovaco |
| Publicado em: |
2023
|
| Assuntos: | |
| Acesso em linha: | http://is.stuba.sk/zp/portal_zp.pl?podrobnosti=171664 |
| Tags: |
Sem tags, seja o primeiro a adicionar uma tag!
|
MARC
| LEADER | 00000ntm a22000003a 4500 | ||
|---|---|---|---|
| 001 | stuzp93625 | ||
| 003 | SK-STU | ||
| 005 | 20240327112003.8 | ||
| 007 | ta | ||
| 008 | 150427s2015----xo-----f-mn---000-0-slo-d | ||
| 040 | |a STU |b slo | ||
| 041 | 0 | |a slo | |
| 100 | 1 | |a Horňáček, Šimon |u 020060 |4 aut |U SjF Strojnícka fakulta |T SjF Ústav energetických strojov a zariadení |X 110691 |U J0060 |Y 805 |7 110691 | |
| 242 | 0 | 1 | |a The importance of heat and cold stratification in the heating system |y eng |
| 245 | 1 | 0 | |a Význam stratifikácie tepla a chladu vo vykurovacom systéme |
| 260 | |c 2023 | ||
| 650 | 4 | |a výmenník tepla |2 slo | |
| 650 | 4 | |a chlad |2 slo | |
| 650 | 4 | |a akumulácia |2 slo | |
| 650 | 4 | |a vykurovací systém |2 slo | |
| 650 | 4 | |a teplo |2 slo | |
| 650 | 4 | |a stratifikácia |2 slo | |
| 650 | 4 | |a accumulation |2 eng | |
| 650 | 4 | |a heat |2 eng | |
| 650 | 4 | |a heat exchanger |2 eng | |
| 650 | 4 | |a cold |2 eng | |
| 650 | 4 | |a stratification |2 eng | |
| 650 | 4 | |a heating system |2 eng | |
| 700 | 1 | |a Mlynár, Peter |u 020060 |k Z1 |4 ths |U SjF Strojnícka fakulta |T SjF Ústav energetických strojov a zariadení |X 13110 |U J0060 |Y 805 |7 A000013110 | |
| 856 | 4 | |u http://is.stuba.sk/zp/portal_zp.pl?podrobnosti=171664 | |
| 996 | |b 284J047353 |c J* 3573/DBP |l JJSK |s A |a 24 |w stuzp93625_0001 | ||